Statistics for Countries by Borders #3

Click here to take the quiz!

General Stats

  • This quiz has been taken 20,448 times
    (19,700 since last reset)
  • The average score is 16 of 20

Answer Stats

Land BordersCountry% Correct
China, RussiaMongolia
97%
Russia, Finland, SwedenNorway
96%
ItalyVatican City
94%
China, IndiaNepal
93%
ItalySan Marino
90%
Brazil, Argentina, BoliviaParaguay
89%
Mauritania, Spain, AlgeriaMorocco
86%
Guyana, Brazil, FranceSuriname
86%
Saudi Arabia, OmanYemen
86%
China, IndiaBhutan
84%
Sudan, Djibouti, EthiopiaEritrea
81%
Honduras, GuatemalaEl Salvador
81%
Italy, Austria, Hungary, CroatiaSlovenia
77%
Romania, UkraineMoldova
76%
IndonesiaEast Timor
76%
Saudi Arabia, OmanUnited Arab Emirates
75%
South Africa, MozambiqueEswatini
74%
IndonesiaPapua New Guinea
73%
Zambia, Tanzania, MozambiqueMalawi
61%
Cameroon, GabonEquatorial Guinea
57%

Score Distribution

Percentile by Number Answered

Percent of People with Each Score

Your Score History

You have not taken this quiz since the last reset